| 000 | 00778nam a22002055i 4500 | ||
|---|---|---|---|
| 001 | 159999 | ||
| 003 | ES-MaACL | ||
| 005 | 20240501063051.0 | ||
| 008 | 040915s1838 fr |||| | fre d | ||
| 040 |
_aCAM _bspa _cCAM |
||
| 100 | 1 |
_aMontaigne, Michel de, _d1533-1592 _982329 |
|
| 245 | 1 | 0 |
_aOeuvres de Michel de Montaigne / _cavec notice biographique par J.-A.-C. Buchon. |
| 260 |
_aParis : _bAuguste Desrez imprimeur-éditeur, _c1838. |
||
| 300 |
_aXLVIII, 806 p. ; _c26 cm. |
||
| 490 | 1 | _aPanthéon littéraire. Littérature française. Philosophie | |
| 700 | 1 | 1 |
_aBuchon, Jean-Alexandre. _9126221 |
| 830 | 0 |
_aPanthéon littéraire. Littérature française. Philosophie _9222004 |
|
| 852 |
_aES-MaACL _jG-13981 _z-- Enc. hol. |
||
| 999 |
_c159999 _d159999 |
||